000 00886nam a2200217Ia 4500
003 GCL
005 20240530104059.0
008 140319s9999 xx 000 0 ara d
040 _aGCL /
_cGCL
082 0 4 _a953
_bا د
100 1 _aابراهيم احمد العدوى
245 1 0 _aالدوله الاسلامية تاريخها وحضارتها /
_cتاليف ابراهيم احمد العدوى ، عبدالحميد العبادى ، محمد مصطفى زيادة
260 _aالقاهرة :
_bنهضة مصر
300 _a187 ص؛
_c24 سم
650 0 4 _aالحضارة العربية الاسلامية - المعارف البحرية
650 0 4 _aالفتوحات الاسلامية
650 0 4 _aالدولة الاسلامية
700 1 _aمحمد مصطفى زيادة
_eمؤلف
700 1 _aعبدالحميد العبادى
_eمؤلف
942 _2ddc
_cBK
999 _c44479
_d44479